000 00883cab a2200265 4500
001 ABS59716
008 090401t1998 xxu||||| |||| 00| 0 eng d
035 _a(Sirsi) u89740
041 _aeng
245 _aOnce more into the breach
260 _c1998
350 _a0
490 _aEstates Gazette
_v(9846) 14 November 1998, 182-183(2)
520 _aA `Mainly for Students` article on the effect the introduction of planning contravention notices, has had on the process of taking action against breaches of planning controls.
650 _aENFORCEMENT
650 _aFINES
650 _aPLANNING AND COMPENSATION ACT 1991
650 _aPLANNING CONTRAVENTION NOTICES
650 _aPLANNING CONTROLS
650 _aR V TEIGNBRIDGE DC EX P TEIGNMOUTH QUAY CO LTD
650 _aTIME LIMITS
690 _aPLANNING LAW AND PRACTICE
942 _n0
948 _c17/11/1998
999 _c56797
_d56797